| 000 | 01513cam a22004094i 4500 | ||
|---|---|---|---|
| 003 | PE-LiUPU | ||
| 005 | 20250731173312.0 | ||
| 008 | 150625s r 000 0 d | ||
| 035 | _a(Sirsi) a36994 | ||
| 040 |
_aPE-LiUPU _bspa _cPE-LiUPU _erda |
||
| 082 | 0 | 4 |
_a253.7063 _bC74 _221 |
| 111 | 2 |
_aConferencia general del episcopado latinoamericano _nIV. _d12-28 de octubre de 1992 _cSanto Domingo, República Dominicana |
|
| 245 | 1 | 0 |
_aNueva evangelización, promoción humana, cultura cristiana : _bJesucristo ayer, hoy y siempre / _cIV Conferencia General del Episcopado Latinoamericano. |
| 264 | 1 |
_aMadrid : _bEdiciones Paulinas, D.L., _c1993. |
|
| 300 |
_a174 páginas ; _c18 cm. |
||
| 336 |
_atext _2rdacontent |
||
| 337 |
_aunmediated _2rdamedia |
||
| 338 |
_avolume _2rdacarrier |
||
| 526 | _aSEG42 | ||
| 526 | _aSEG41 | ||
| 526 | _aSEG40 | ||
| 526 | _aSEG39 | ||
| 526 | _aP94 | ||
| 526 | _aP87 | ||
| 526 | _aP86 | ||
| 526 | _aP85 | ||
| 526 | _aP77 | ||
| 526 | _aP76 | ||
| 526 | _aP35 | ||
| 650 | 0 | 4 |
_aEvangelización _zAmérica latina _xCongresos y asambleas. |
| 910 | _a | ||
| 942 |
_2ddc _cBOOK |
||
| 949 |
_a253.7063 C74 _wDEWEY _c1 _i38946 _lCCODEBUL1 _mBUL _p00.00 _r0 _sY _tBOOK _u2015-06-25 _xBIBLIOTECA _zUNKNOWN _0COMPRA _o.STAFF. Colección General |
||
| 596 | _a1 | ||
| 999 |
_a253.7063 C74 _wDEWEY _c45127 _i38946 _f2021-11-10 _g5 _lCCODEBUL1 _mBUL _r0 _sY _tBOOK _u2015-6-25 _xTEOLOGIA _zUNKNOWN _0COMPRA _o.STAFF. Colección General _d45127 |
||
| 980 |
_81 _gALBERTO SANCHEZ Responsable de Automatización |
||